| 000 | 00577nam a2200181Ia 4500 | ||
|---|---|---|---|
| 008 | 090124s9999 xx 000 0 und d | ||
| 082 |
_b22137 _a2449 |
||
| 100 | _aकेशव दत्ता | ||
| 245 | _a घरोघरी मातीच्या चुली | ||
| 250 | _a1 | ||
| 260 | _c1978 | ||
| 300 | _a85 | ||
| 600 | _aकेशव दत्ता | ||
| 630 | _a घरोघरी मातीच्या चुली | ||
| 700 | _aकेशव दत्ता | ||
| 730 | _a घरोघरी मातीच्या चुली | ||
| 942 | _cBOOK | ||
| 999 |
_c135783 _d135783 |
||